000 02559cad a22003135a 4500
001 E147721
008 090609s2009 xxk f 000 0 eng u
020 _a9781842194508
035 _a(Sirsi) u147721
041 0 _aeng
050 0 4 _a549.66 $2 18
110 2 _aRoyal Institution of Chartered Surveyors
_94900
245 0 0 _aAsbestos and its implications for members and their clients
_bRICS guidance note
_h[old edition]
250 _a2nd ed.
260 _aCoventry
_bRICS
_c2009
300 _avi, 112p.
_c30cm.
490 0 _aRICS Guidance Note
505 2 _aIntroduction -- Risk to RICS members -- Surveyors' responsibilities -- Responsibility of others (employer, landlord, tenant, occupant) -- Services offered by surveyors -- Limitations and exclusions -- Insurance -- Asbestos inspection -- Sampling asbestos -- Management plan -- Types of property -- Asbestos removal -- Encapsulation -- Demolition and land clearance -- Appendices: Definitions and abbreviations used; health issues and risks arising from asbestos; extent of Asbestos-Containing Materials (ACMs); regulations; flow chart to determine the Regulation 4 'dutyholder(s)'; legal issues arising and cases; competence of those involved in inspections for, and in the sampling, assessment and removal of asbestos; chart showing whether a residential premises is likely to be classified as domestic or non-domestic for the purposes of Regulation 4 CAR 2006; is an asbestos survey required and if so, what type?; should ACM be removed, repaired or treated?; flowchart to determine whether Regulation 3(2) exception of CAR applies
520 _aAims to give readers practical guidance on the various issues surrounding asbestos, with particular regard to its use in buildings and structures. Helps readers understand the dangers to health and business, how to protect PI insurance, how to comply with the latest legislation and regulations, and the implementation of an effective management plan.
520 _aSupersedes the first edition (ISBN 1842190636).
520 _aSuperceded by third edition (ISBN 9781842197240) and also by fourth edition (9781783214228)
521 _aAdvanced
590 _aKA
650 2 4 _aCONTROL OF ASBESTOS REGULATIONS 2006
651 4 _aUnited Kingdom
690 _aMANAGEMENT-HEALTH AND SAFETY-HAZARDOUS SUBSTANCES-ASBESTOS
856 4 0 _uhttps://www.isurv.com/downloads/file/2788/archive_asbestos_and_its_implications_for_members_and_their_clients_2nd_edition_2009-october_2011
_zArchived on isurv (subscription required)
942 _n0
_2ddc
999 _c109703
_d109703